| 000 -LEADER |
| fixed length control field |
00874cam a2200229 a 4500 |
| 020 ## - INTERNATIONAL STANDARD BOOK NUMBER |
| ISBN |
0521628628 |
| 040 ## - CATALOGING SOURCE |
| Transcribing agency |
DLC |
| 082 00 - DEWEY DECIMAL CLASSIFICATION NUMBER |
| Classification number |
428 CAM 1997 A022 Or. |
| 100 1# - MAIN ENTRY--AUTHOR NAME |
| Personal name |
Richards, Jack C., |
| 245 10 - TITLE STATEMENT |
| Title |
New interchange : |
| Remainder of title |
English for international communication : student's book 2 / |
| 250 ## - EDITION STATEMENT |
| Edition statement |
New ed. |
| 260 ## - PUBLICATION, DISTRIBUTION, ETC. (IMPRINT) |
| Place of publication |
Cambridge, U.K. ; |
| -- |
New York, NY, USA : |
| Name of publisher |
Cambridge University Press, |
| Year of publication |
1997. |
| 300 ## - PHYSICAL DESCRIPTION |
| Number of Pages |
1 v. (various pagings) : |
| Other physical details |
ill. (some col.) ; |
| Dimensions |
28 cm. + |
| Accompanying material |
2 sound discs (digital ; 4 3/4 in.) |
| 500 ## - GENERAL NOTE |
| General note |
Rev. ed. of: Interchange : English for international communication : student's book 2. 1991. |
| 650 #0 - SUBJECT ADDED ENTRY--TOPICAL TERM |
| Topical Term |
English language |
| 650 #0 - SUBJECT ADDED ENTRY--TOPICAL TERM |
| Topical Term |
Communication, International |
| 700 1# - ADDED ENTRY--PERSONAL NAME |
| Personal name |
Hull, Jonathan, |
| 700 1# - ADDED ENTRY--PERSONAL NAME |
| Personal name |
Proctor, Susan, |
| 700 1# - ADDED ENTRY--PERSONAL NAME |
| Personal name |
Richards, Jack C., |
| 856 42 - ELECTRONIC LOCATION AND ACCESS |
| Uniform Resource Identifier |
http://www.loc.gov/catdir/description/cam028/97027440.html |
| 942 ## - ADDED ENTRY ELEMENTS (KOHA) |
| Koha item type |
សៀវភៅភាសាអង់គ្លេស |
| 952 ## - LOCATION AND ITEM INFORMATION (KOHA) |
| Withdrawn status [LOCAL, KOHA] |
0 |